Entrepreneurship Development (Record no. 11849)

MARC details
000 -LEADER
fixed length control field 00425nam a22001817a 4500
003 - CONTROL NUMBER IDENTIFIER
control field OSt
008 - FIXED-LENGTH DATA ELEMENTS--GENERAL INFORMATION
fixed length control field 230302b ||||| |||| 00| 0 eng d
020 ## - INTERNATIONAL STANDARD BOOK NUMBER
International Standard Book Number 9789327293876
082 ## - DEWEY DECIMAL CLASSIFICATION NUMBER
Classification number 658.421 ARE
100 ## - MAIN ENTRY--PERSONAL NAME
Personal name ARORA, Renu
245 ## - TITLE STATEMENT
Title Entrepreneurship Development
250 ## - EDITION STATEMENT
Edition statement 1st ed.
260 ## - PUBLICATION, DISTRIBUTION, ETC. (IMPRINT)
Place of publication, distribution, etc Ludhiana
Name of publisher, distributor, etc Kalyani Publishers
Date of publication, distribution, etc 2014
300 ## - PHYSICAL DESCRIPTION
Extent MISC
650 ## - SUBJECT ADDED ENTRY--TOPICAL TERM
Topical term or geographic name as entry element B.Com.
700 ## - ADDED ENTRY--PERSONAL NAME
Personal name SOOD, S.K.
942 ## - ADDED ENTRY ELEMENTS (KOHA)
Source of classification or shelving scheme Dewey Decimal Classification
Koha item type Text Books
Holdings
Withdrawn status Lost status Source of classification or shelving scheme Damaged status Not for loan Collection code Home library Current library Date acquired Source of acquisition Currency Cost, normal purchase price Bill Number Total Checkouts Full call number Acc. no. / Barcode Date last seen Actual Cost, discounted price Bill Date Koha item type Date last borrowed
    Dewey Decimal Classification     B.Com PIET NCR College Library PIET NCR College Library 16/02/2023 International Book Centre In Rupees 225.00 IB/IN/1152   658.421 ARE N3362 02/03/2023 184.50 16/02/2023 Reference Books  
    Dewey Decimal Classification     B.Com PIET NCR College Library PIET NCR College Library 16/02/2023 International Book Centre In Rupees 225.00 IB/IN/1152 5 658.421 ARE N3363 30/01/2026 184.50 16/02/2023 Text Books 21/01/2026
    Dewey Decimal Classification     B.Com PIET NCR College Library PIET NCR College Library 16/02/2023 International Book Centre In Rupees 225.00 IB/IN/1152 1 658.421 ARE N3364 18/03/2026 184.50 16/02/2023 Text Books 05/03/2026
    Dewey Decimal Classification     B.Com PIET NCR College Library PIET NCR College Library 16/02/2023 International Book Centre In Rupees 225.00 IB/IN/1152 2 658.421 ARE N3365 30/05/2025 184.50 16/02/2023 Text Books 25/04/2025
    Dewey Decimal Classification     B.Com PIET NCR College Library PIET NCR College Library 16/02/2023 International Book Centre In Rupees 225.00 IB/IN/1152 1 658.421 ARE N3366 20/01/2026 184.50 16/02/2023 Text Books 25/03/2025
    Dewey Decimal Classification     B.Com PIET NCR College Library PIET NCR College Library 16/02/2023 International Book Centre In Rupees 225.00 IB/IN/1152 2 658.421 ARE N3367 17/04/2025 184.50 16/02/2023 Text Books 28/03/2025
    Dewey Decimal Classification     B.Com PIET NCR College Library PIET NCR College Library 16/02/2023 International Book Centre In Rupees 225.00 IB/IN/1152   658.421 ARE N3368 02/03/2023 184.50 16/02/2023 Text Books  
    Dewey Decimal Classification     B.Com PIET NCR College Library PIET NCR College Library 16/02/2023 International Book Centre In Rupees 225.00 IB/IN/1152 6 658.421 ARE N3369 22/04/2026 184.50 16/02/2023 Text Books 01/04/2026
    Dewey Decimal Classification     B.Com PIET NCR College Library PIET NCR College Library 16/02/2023 International Book Centre In Rupees 225.00 IB/IN/1152   658.421 ARE N3370 02/03/2023 184.50 16/02/2023 Text Books  
    Dewey Decimal Classification     B.Com PIET NCR College Library PIET NCR College Library 16/02/2023 International Book Centre In Rupees 225.00 IB/IN/1152 3 658.421 ARE N3371 19/02/2026 184.50 16/02/2023 Text Books 18/02/2026

Design & Developed by: PIET Central Library
R70 Miles Stone Pattikalyana Samalkha Panipat 132102
mail ID :- [email protected], Phone No:- 0180-2569700 Ex.216